[Event "Titled Tuesday intern op 30th May Early"]
[Site "Chess.com INT"]
[Date "2023.05.30"]
[Round "11"]
[White "Osiecki, Stanislaw"]
[Black "Salgado Lopez, Oscar"]
[Result "0-1"]
[WhiteElo "2055"]
[BlackElo "2095"]
[PlyCount "94"]
[EventDate "2023.05.30"]
[EventType "swiss (blitz)"]
[EventRounds "11"]
[EventCountry "USA"]
[SourceTitle "CBM 214 Extra"]
[Source "ChessBase"]
[SourceDate "2023.07.31"]
[SourceVersion "1"]
[SourceVersionDate "2023.07.31"]
[SourceQuality "1"]

1. e4 c5 2. c3 Nf6 3. e5 Nd5 4. d4 cxd4 5. Nf3 d6 6. cxd4 Nc6 7. Bc4 dxe5 8. dxe5 Nb6 9. Qxd8+ Nxd8 10. Bb5+ Bd7 11. Bxd7+ Nxd7 12. 0-0 e6 13. Nc3 Nc6 14. Bf4 Be7 15. Rfd1 a6 16. Ne4 h6 17. a3 g5 18. Bg3 g4 19. Nd4 Ncxe5 20. Bxe5 Nxe5 21. Rac1 Rd8 22. Rc7 Nc6 23. Rxc6 bxc6 24. Rd2 c5 25. Nc6 Rxd2 26. Nxd2 Bd6 27. Ne4 Kd7 28. Na5 Be7 29. Nc4 f6 30. f3 gxf3 31. gxf3 Rb8 32. Kf2 f5 33. Ned2 Bf6 34. b3 Bc3 35. a4 e5 36. Ke2 Ke6 37. Kd3 Bd4 38. Na5 Rg8 39. Nc6 Rg2 40. h3 Rh2 41. Nb8 Rxh3 42. Nxa6 e4+ 43. Ke2 Rh2+ 44. Kd1 e3 45. Nc4 f4 46. Nc7+ Kf5 47. Nb5 Ke6 0-1

[Event "Titled Tuesday intern op 30th May Early"]
[Site "Chess.com INT"]
[Date "2023.05.30"]
[Round "1"]
[White "Salgado Lopez, Oscar"]
[Black "Sharapov, Evgeny"]
[Result "0-1"]
[WhiteElo "2095"]
[BlackElo "2375"]
[PlyCount "102"]
[EventDate "2023.05.30"]
[EventType "swiss (blitz)"]
[EventRounds "11"]
[EventCountry "USA"]
[SourceTitle "CBM 214 Extra"]
[Source "ChessBase"]
[SourceDate "2023.07.31"]
[SourceVersion "1"]
[SourceVersionDate "2023.07.31"]
[SourceQuality "1"]

1. d4 Nf6 2. Bg5 c5 3. Nc3 cxd4 4. Qxd4 Nc6 5. Qh4 e6 6. e4 Be7 7. 0-0-0 0-0 8. f4 h6 9. Nf3 d5 10. exd5 Nxd5 11. Nxd5 exd5 12. Bxe7 Nxe7 13. Bd3 Bf5 14. Rhe1 Bxd3 15. Rxd3 Ng6 16. Qxd8 Raxd8 17. g3 Rd7 18. Red1 Rfd8 19. Kb1 f6 20. c4 Ne7 21. cxd5 Rxd5 22. Rxd5 Rxd5 23. Rxd5 Nxd5 24. Kc2 Kf7 25. a3 Ke6 26. Kd3 Kd6 27. Nd4 Ne7 28. Nb5+ Kc5 29. Nd4 Kd5 30. b4 a6 31. Nb3 b6 32. Nd4 g6 33. Nf3 g5 34. fxg5 fxg5 35. h4 g4 36. Nh2 h5 37. Nf1 Ke5 38. Ne3 b5 39. Nd1 Nf5 40. Nc3 Nxg3 41. a4 bxa4 42. Nxa4 Nf5 43. Nc5 Nxh4 44. Nxa6 Nf5 45. Ke2 h4 46. b5 h3 47. Kf2 g3+ 48. Kg1 Nd4 49. b6 Nf3+ 50. Kf1 g2+ 51. Kf2 g1Q+ 0-1

[Event "Titled Tuesday intern op 28th Mar Early"]
[Site "Chess.com INT"]
[Date "2023.03.28"]
[Round "8"]
[White "Salgado Lopez, Oscar"]
[Black "Estremera Panos, Sergio"]
[Result "1-0"]
[WhiteElo "2115"]
[BlackElo "2265"]
[PlyCount "89"]
[EventDate "2023.03.28"]
[EventType "swiss (blitz)"]
[EventRounds "11"]
[EventCountry "USA"]
[SourceTitle "EXT 2024"]
[Source "ChessBase"]
[SourceDate "2023.10.10"]
[SourceVersion "1"]
[SourceVersionDate "2023.10.10"]
[SourceQuality "1"]

1. d4 d5 2. c4 e6 3. Nc3 Nf6 4. cxd5 exd5 5. Bg5 c6 6. e3 Bd6 7. Bd3 0-0 8. Nge2 Re8 9. Qc2 h6 10. Bh4 a5 11. Bg3 Na6 12. a3 Nc7 13. 0-0 Ne6 14. Rae1 Ng5 15. Bxd6 Qxd6 16. Qc1 Nfe4 17. f3 Nf6 18. Bc2 Bd7 19. Qd2 Re7 20. Ng3 Rae8 21. e4 dxe4 22. fxe4 Ng4 23. e5 Rxe5 24. Qf4 R5e6 25. Rxe6 Rxe6 26. Qxg4 Re1 27. Qh4 Rxf1+ 28. Nxf1 Qe7 29. Qf2 Be6 30. h3 b6 31. Qe3 Qf6 32. Nd2 Bf5 33. Bxf5 Qxf5 34. Nde4 g6 35. Nxg5 hxg5 36. Qe5 Qd3 37. Kh2 Qd2 38. Ne4 Qxb2 39. Nf6+ Kf8 40. Nd7+ Kg8 41. Nf6+ Kf8 42. Ne4 Qxa3 43. Nxg5 b5 44. Qf6 Qe7 45. Qh8# 1-0

[Event "Titled Tuesday intern op 28th Mar Early"]
[Site "Chess.com INT"]
[Date "2023.03.28"]
[Round "1"]
[White "Salgado Lopez, Oscar"]
[Black "Guerrero Olmos, Sergio"]
[Result "0-1"]
[WhiteElo "2115"]
[BlackElo "2374"]
[PlyCount "104"]
[EventDate "2023.03.28"]
[EventType "swiss (blitz)"]
[EventRounds "11"]
[EventCountry "USA"]
[SourceTitle "EXT 2024"]
[Source "ChessBase"]
[SourceDate "2023.10.10"]
[SourceVersion "1"]
[SourceVersionDate "2023.10.10"]
[SourceQuality "1"]

1. d4 Nf6 2. Bg5 Ne4 3. Bh4 c5 4. f3 Qa5+ 5. c3 Nf6 6. d5 g6 7. e4 d6 8. Na3 Bg7 9. Nc4 Qc7 10. a4 0-0 11. Bd3 Nbd7 12. Ne2 b6 13. 0-0 Rb8 14. h3 a6 15. Bf2 b5 16. axb5 axb5 17. Na5 Ne5 18. f4 Nxd3 19. Qxd3 Bd7 20. e5 Bf5 21. Qd2 Ne4 22. Qe3 Nxf2 23. Rxf2 dxe5 24. Nc6 exf4 25. Qxe7 Qb6 26. Nxf4 Rbe8 27. Qa7 Qxa7 28. Rxa7 Re1+ 29. Rf1 Rxf1+ 30. Kxf1 Bf6 31. d6 Kg7 32. Nd5 Be4 33. Nxf6 Kxf6 34. Rc7 Ke6 35. d7 Bxc6 36. Rxc6+ Kxd7 37. Rxc5 Rb8 38. Kf2 Kd6 39. Rg5 f5 40. Rg3 Kd5 41. Rd3+ Kc4 42. Rd4+ Kb3 43. Rb4+ Kc2 44. c4 Kd3 45. Rxb5 Re8 46. c5 Re2+ 47. Kg3 Rc2 48. b4 g5 49. Rb6 h5 50. Rd6+ Ke3 51. c6 f4+ 52. Kh2 f3 0-1

[Event "Titled Tuesday intern op 28th Mar Early"]
[Site "Chess.com INT"]
[Date "2023.03.28"]
[Round "9"]
[White "Shvedova, Alexandra"]
[Black "Salgado Lopez, Oscar"]
[Result "1-0"]
[WhiteElo "2083"]
[BlackElo "2115"]
[PlyCount "55"]
[EventDate "2023.03.28"]
[EventType "swiss (blitz)"]
[EventRounds "11"]
[EventCountry "USA"]
[SourceTitle "EXT 2024"]
[Source "ChessBase"]
[SourceDate "2023.10.10"]
[SourceVersion "1"]
[SourceVersionDate "2023.10.10"]
[SourceQuality "1"]

1. e4 c5 2. Ne2 e6 3. d4 cxd4 4. Nxd4 Nc6 5. Nc3 Qc7 6. Be3 a6 7. Qf3 Ne5 8. Qg3 h5 9. h4 Nf6 10. 0-0-0 b5 11. a3 Bb7 12. Bxb5 axb5 13. Ndxb5 Qb8 14. Bb6 Ng6 15. Nc7+ Kd8 16. Nxa8+ Kc8 17. Nc7 d6 18. N3b5 Bc6 19. Na7+ Kb7 20. Qb3 Qxc7 21. Bxc7+ Kxc7 22. Nxc6 Kxc6 23. Qc4+ Kd7 24. Qb5+ Kc7 25. Rh3 Be7 26. Rc3+ Kd8 27. Qb8+ Kd7 28. Rc7# 1-0

[Event "Titled Tuesday intern op 21st Mar Early"]
[Site "Chess.com INT"]
[Date "2023.03.21"]
[Round "7"]
[White "Kraus, Tomas"]
[Black "Salgado Lopez, Oscar"]
[Result "0-1"]
[WhiteElo "2486"]
[BlackElo "2115"]
[PlyCount "92"]
[EventDate "2023.03.21"]
[EventType "swiss (blitz)"]
[EventRounds "11"]
[EventCountry "USA"]
[SourceTitle "EXT 2024"]
[Source "ChessBase"]
[SourceDate "2023.10.10"]
[SourceVersion "1"]
[SourceVersionDate "2023.10.10"]
[SourceQuality "1"]

1. e4 c5 2. Nc3 a6 3. f4 b5 4. Nf3 Bb7 5. d3 e6 6. g3 d5 7. Bg2 b4 8. Ne2 dxe4 9. Ng5 Nf6 10. Nxe4 Nxe4 11. Bxe4 Bxe4 12. dxe4 Qxd1+ 13. Kxd1 Nc6 14. Be3 Be7 15. Ke1 0-0-0 16. Kf2 Rd7 17. a3 Kb7 18. a4 Na5 19. Rad1 Rhd8 20. Rxd7+ Rxd7 21. Nc1 Nc4 22. b3 Nxe3 23. Kxe3 c4 24. Ke2 cxb3 25. Nxb3 Rc7 26. Kd2 Rc3 27. Re1 e5 28. Re3 exf4 29. gxf4 Rxe3 30. Kxe3 Kc6 31. Kd4 Bd6 32. e5 Bc7 33. Kc4 f6 34. Nd4+ Kd7 35. exf6 gxf6 36. f5 Bxh2 37. Kxb4 h5 38. Kc5 Bg1 39. Kd5 Bxd4 40. Kxd4 Kd6 41. c4 a5 42. Ke4 Kc5 43. Kf4 Kxc4 44. Kg3 Kd5 45. Kh4 Ke5 46. Kxh5 Kxf5 0-1

[Event "Titled Tuesday intern op 21st Mar Late"]
[Site "Chess.com INT"]
[Date "2023.03.21"]
[Round "10"]
[White "Li, Hui"]
[Black "Salgado Lopez, Oscar"]
[Result "0-1"]
[WhiteElo "1970"]
[BlackElo "2115"]
[PlyCount "160"]
[EventDate "2023.03.21"]
[EventType "swiss (blitz)"]
[EventRounds "11"]
[EventCountry "USA"]
[SourceTitle "EXT 2024"]
[Source "ChessBase"]
[SourceDate "2023.10.10"]
[SourceVersion "1"]
[SourceVersionDate "2023.10.10"]
[SourceQuality "1"]

1. e4 c5 2. Nf3 e6 3. d4 cxd4 4. Nxd4 Nc6 5. Nc3 Qc7 6. Be2 a6 7. 0-0 b5 8. Be3 Bb7 9. Nxc6 dxc6 10. f4 Nf6 11. Bf3 Be7 12. e5 Nd5 13. Nxd5 cxd5 14. c3 Bc5 15. Bxc5 Qxc5+ 16. Qd4 Qxd4+ 17. cxd4 Rc8 18. Rfc1 Kd7 19. Kf2 Rc4 20. Rxc4 bxc4 21. b3 cxb3 22. axb3 Rc8 23. Ra2 Rc3 24. Rb2 Rd3 25. Ke2 Rxd4 26. b4 Rxf4 27. b5 a5 28. Ke1 Rb4 29. Ra2 Rxb5 30. Be2 Rc5 31. Rb2 Bc6 32. Rb6 Kc7 33. Rb3 a4 34. Rh3 h6 35. Rg3 g6 36. Rf3 Be8 37. Rh3 h5 38. Kd2 Ra5 39. Ra3 Kb6 40. Kc3 Kc5 41. Bd3 d4+ 42. Kb2 Bb5 43. Bb1 Bc4 44. Rf3 a3+ 45. Ka1 Ra7 46. h3 a2 47. Bc2 Kd5 48. g4 hxg4 49. hxg4 Kxe5 50. g5 d3 51. Bxd3 Bxd3 52. Rxd3 Kf5 53. Rg3 e5 54. Rg1 e4 55. Re1 Ra4 56. Rg1 Ke6 57. Rf1 Ra5 58. Rf6+ Ke7 59. Rf4 Rxg5 60. Rxe4+ Kd6 61. Kxa2 Rb5 62. Rd4+ Ke5 63. Rd8 f5 64. Re8+ Kf4 65. Rc8 g5 66. Rc4+ Kg3 67. Ka3 f4 68. Ka4 Rb8 69. Rc5 g4 70. Rc3+ f3 71. Ka5 Kg2 72. Ka6 g3 73. Ka7 Rb1 74. Rc2+ f2 75. Rd2 Kg1 76. Rd3 g2 77. Ra3 f1Q 78. Ra6 Ra1 79. Rxa1 Qxa1+ 80. Kb6 Qc1 0-1

[Event "Titled Tuesday intern op 21st Mar Early"]
[Site "Chess.com INT"]
[Date "2023.03.21"]
[Round "4"]
[White "Salgado Lopez, Oscar"]
[Black "Bhavikatti, Neil"]
[Result "1/2-1/2"]
[WhiteElo "2115"]
[BlackElo "2051"]
[PlyCount "77"]
[EventDate "2023.03.21"]
[EventType "swiss (blitz)"]
[EventRounds "11"]
[EventCountry "USA"]
[SourceTitle "EXT 2024"]
[Source "ChessBase"]
[SourceDate "2023.10.10"]
[SourceVersion "1"]
[SourceVersionDate "2023.10.10"]
[SourceQuality "1"]

1. d4 d5 2. c4 e6 3. Nc3 Be7 4. cxd5 exd5 5. Bf4 c6 6. e3 Bd6 7. Bxd6 Qxd6 8. Bd3 Ne7 9. Nge2 Bf5 10. 0-0 Bxd3 11. Qxd3 0-0 12. Rab1 Nd7 13. Rfc1 f5 14. Na4 Nf6 15. h3 Ng6 16. b4 f4 17. Nxf4 Nxf4 18. exf4 Qxf4 19. Nc5 Ne4 20. Nxe4 dxe4 21. Qe3 Rad8 22. b5 cxb5 23. Rxb5 b6 24. Re5 Rxd4 25. Qxf4 Rxf4 26. Rc7 Rd1+ 27. Kh2 Rf7 28. Re8+ Rf8 29. Ree7 Rxf2 30. Rxg7+ Kf8 31. Rxh7 Kg8 32. Rcg7+ Kf8 33. Rxa7 Kg8 34. Rag7+ Kf8 35. Rb7 Kg8 36. Rbg7+ Kf8 37. Rb7 Kg8 38. Rhg7+ Kf8 39. Rh7 1/2-1/2

[Event "Titled Tuesday intern op 21st Mar Late"]
[Site "Chess.com INT"]
[Date "2023.03.21"]
[Round "7"]
[White "Salgado Lopez, Oscar"]
[Black "Bjelobrk, Igor"]
[Result "0-1"]
[WhiteElo "2115"]
[BlackElo "2396"]
[PlyCount "56"]
[EventDate "2023.03.21"]
[EventType "swiss (blitz)"]
[EventRounds "11"]
[EventCountry "USA"]
[SourceTitle "EXT 2024"]
[Source "ChessBase"]
[SourceDate "2023.10.10"]
[SourceVersion "1"]
[SourceVersionDate "2023.10.10"]
[SourceQuality "1"]

1. d4 e6 2. Nf3 c5 3. c3 d5 4. Bf4 Bd6 5. e3 Ne7 6. Bxd6 Qxd6 7. Bd3 Nbc6 8. 0-0 b6 9. Nbd2 Bb7 10. e4 cxd4 11. exd5 Nxd5 12. cxd4 0-0 13. Re1 Rfd8 14. Ne4 Qe7 15. Rc1 Nf4 16. Bb1 Rd7 17. Qd2 Ng6 18. Nc3 Rad8 19. d5 Nb4 20. Bxg6 hxg6 21. Qf4 Nd3 22. Qg3 Nxe1 23. Rxe1 Bxd5 24. Ng5 Qf6 25. Qh4 Bb7 26. Qh7+ Kf8 27. Qh4 Ke8 28. Nce4 Bxe4 0-1

[Event "Titled Tuesday intern op 21st Mar Early"]
[Site "Chess.com INT"]
[Date "2023.03.21"]
[Round "5"]
[White "Salgado Lopez, Oscar"]
[Black "Levitan, Caleb Levi"]
[Result "1-0"]
[WhiteElo "2115"]
[BlackElo "2007"]
[PlyCount "241"]
[EventDate "2023.03.21"]
[EventType "swiss (blitz)"]
[EventRounds "11"]
[EventCountry "USA"]
[SourceTitle "EXT 2024"]
[Source "ChessBase"]
[SourceDate "2023.10.10"]
[SourceVersion "1"]
[SourceVersionDate "2023.10.10"]
[SourceQuality "1"]

1. d4 d5 2. c4 e6 3. Nc3 a6 4. cxd5 exd5 5. Bf4 Nf6 6. e3 c5 7. Nf3 Nc6 8. Be2 Be7 9. dxc5 Bxc5 10. 0-0 0-0 11. Bg5 Be6 12. Rc1 Be7 13. Nd4 Nxd4 14. Qxd4 h6 15. Bh4 Rc8 16. Rfd1 b5 17. a3 Qd7 18. Bf3 Rc4 19. Bxf6 Rxd4 20. Bxd4 Rc8 21. Ne2 Rc4 22. Nf4 Qc6 23. Ne2 Bc5 24. b3 Bxd4 25. bxc4 Bb2 26. cxd5 Qe8 27. Rc2 Bxa3 28. dxe6 Qxe6 29. Nd4 Qg6 30. Rc6 Qg5 31. Be4 g6 32. Rxa6 b4 33. Nc2 Qc5 34. Nxa3 bxa3 35. Ra1 Qc4 36. R6xa3 Qxe4 37. h3 Kg7 38. Ra7 h5 39. Rc1 Qb4 40. Rcc7 Qb1+ 41. Kh2 Qb8 42. g3 h4 43. Rxf7+ Kh6 44. Rh7+ Kg5 45. Raf7 hxg3+ 46. fxg3 Qb2+ 47. Kg1 Qc1+ 48. Kg2 Qd2+ 49. Rf2 Qxe3 50. Rhf7 Qe4+ 51. Kh2 Kh6 52. R7f4 Qe5 53. Rf7 Qe4 54. Rd7 Qe6 55. Rdf7 Qd6 56. R7f6 Qd5 57. h4 Qd4 58. R6f4 Qe5 59. Rg4 Qe3 60. Rf6 Qe2+ 61. Kh3 Kh5 62. Rg5+ Kh6 63. Rfxg6+ Kh7 64. Rg7+ Kh8 65. R7g6 Kh7 66. Rg7+ Kh8 67. Rf7 Qe6+ 68. Rff5 Kh7 69. Kg4 Kh6 70. Kf4 Qc4+ 71. Kf3 Qd3+ 72. Kg2 Qe4+ 73. Rf3 Qe2+ 74. Rf2 Qe4+ 75. Kh2 Qe6 76. Rgf5 Qe3 77. R5f4 Qd3 78. g4 Qe3 79. Rf6+ Kg7 80. R6f3 Qe4 81. Kg3 Qe5+ 82. Rf4 Qe3+ 83. Kg2 Qe5 84. h5 Qg5 85. Kg3 Qe5 86. Kh4 Qe7+ 87. g5 Qe1 88. Rf7+ Kg8 89. Rf8+ Kg7 90. R8f4 Qh1+ 91. Kg4 Qg1+ 92. Kf5 Qb1+ 93. Kg4 Qd1+ 94. Kh3 Qh1+ 95. Kg3 Qg1+ 96. Rg2 Qe3+ 97. Kg4 Qe6+ 98. Kh4 Qe1+ 99. Kh3 Qh1+ 100. Kg3 Qe1+ 101. Rff2 Qe3+ 102. Kh2 Qe5+ 103. Kg1 Qe1+ 104. Rf1 Qe3+ 105. Rgf2 Qg3+ 106. Rg2 Qe3+ 107. Rff2 Qe1+ 108. Kh2 Qe5+ 109. Rg3 Qe8 110. h6+ Kh7 111. g6+ Kxh6 112. g7 Kh7 113. g8Q+ Qxg8 114. Rxg8 Kxg8 115. Kg3 Kg7 116. Kg4 Kg6 117. Rf5 Kg7 118. Kg5 Kh7 119. Rf7+ Kg8 120. Kg6 Kh8 121. Rf8# 1-0

[Event "Titled Tuesday intern op 21st Mar Late"]
[Site "Chess.com INT"]
[Date "2023.03.21"]
[Round "9"]
[White "Salgado Lopez, Oscar"]
[Black "Vaglio Munoz, Jaime"]
[Result "0-1"]
[WhiteElo "2115"]
[BlackElo "2174"]
[PlyCount "104"]
[EventDate "2023.03.21"]
[EventType "swiss (blitz)"]
[EventRounds "11"]
[EventCountry "USA"]
[SourceTitle "EXT 2024"]
[Source "ChessBase"]
[SourceDate "2023.10.10"]
[SourceVersion "1"]
[SourceVersionDate "2023.10.10"]
[SourceQuality "1"]

1. d4 c6 2. Nf3 g6 3. e4 Bg7 4. Nc3 d5 5. h3 dxe4 6. Nxe4 Nd7 7. Bd3 Ngf6 8. 0-0 Nxe4 9. Bxe4 Nf6 10. Bd3 0-0 11. c3 Be6 12. Bf4 Bd5 13. Re1 Bxf3 14. Qxf3 Nd5 15. Bd2 e6 16. Rad1 Qf6 17. Qxf6 Bxf6 18. Be4 Rfd8 19. g3 Kg7 20. Kg2 a5 21. Bf3 b5 22. g4 h6 23. Kg3 g5 24. Bxd5 cxd5 25. f4 b4 26. h4 gxh4+ 27. Kh3 bxc3 28. bxc3 Rab8 29. Rb1 a4 30. g5 hxg5 31. fxg5 Be7 32. Bf4 Rbc8 33. Re3 Rd7 34. Kxh4 Kg6 35. Kg4 a3 36. Rh3 Bf8 37. Be5 Bg7 38. Bxg7 Kxg7 39. Rbh1 Rdc7 40. Rh7+ Kf8 41. Rh8+ Ke7 42. Rxc8 Rxc8 43. Rh3 Rb8 44. g6 fxg6 45. Kg5 Rb2 46. Kxg6 Rg2+ 47. Kh7 Rxa2 48. Rg3 Rh2+ 49. Kg7 a2 50. Rg1 Rg2+ 51. Rxg2 a1Q 52. Rf2 Qg1+ 0-1

[Event "Titled Tuesday intern op 21st Mar Early"]
[Site "Chess.com INT"]
[Date "2023.03.21"]
[Round "6"]
[White "Soto Hernandez, Henry"]
[Black "Salgado Lopez, Oscar"]
[Result "1-0"]
[WhiteElo "2490"]
[BlackElo "2115"]
[PlyCount "77"]
[EventDate "2023.03.21"]
[EventType "swiss (blitz)"]
[EventRounds "11"]
[EventCountry "USA"]
[SourceTitle "EXT 2024"]
[Source "ChessBase"]
[SourceDate "2023.10.10"]
[SourceVersion "1"]
[SourceVersionDate "2023.10.10"]
[SourceQuality "1"]

1. Nf3 d5 2. g3 c6 3. Bg2 Nf6 4. 0-0 h6 5. c4 Bf5 6. cxd5 cxd5 7. d3 Nc6 8. Qa4 Bd7 9. Qb3 b6 10. Nc3 e6 11. e4 d4 12. e5 dxc3 13. exf6 gxf6 14. bxc3 Rc8 15. d4 Bg7 16. Ba3 Bf8 17. Bxf8 Kxf8 18. Rac1 Na5 19. Qc2 Qc7 20. Nd2 Nc4 21. Ne4 f5 22. Nd2 Nxd2 23. Qxd2 h5 24. h4 Bc6 25. c4 Bxg2 26. Kxg2 Rg8 27. Qh6+ Ke8 28. Qxh5 f4 29. Qf3 Qd6 30. d5 exd5 31. cxd5 Rxc1 32. Rxc1 Kd8 33. Rc6 Qe5 34. g4 f5 35. g5 Re8 36. d6 Qe4 37. Rc7 Re6 38. Rxa7 Rxd6 39. Rf7 1-0

[Event "Titled Tuesday intern op 14th Mar Late"]
[Site "Chess.com INT"]
[Date "2023.03.14"]
[Round "10"]
[White "Melikhov, Evgeny V"]
[Black "Salgado Lopez, Oscar"]
[Result "1-0"]
[WhiteElo "2269"]
[BlackElo "2115"]
[PlyCount "47"]
[EventDate "2023.03.14"]
[EventType "swiss (blitz)"]
[EventRounds "11"]
[EventCountry "USA"]
[SourceTitle "EXT 2024"]
[Source "ChessBase"]
[SourceDate "2023.10.10"]
[SourceVersion "1"]
[SourceVersionDate "2023.10.10"]
[SourceQuality "1"]

1. d4 d5 2. c4 c6 3. Nc3 Nf6 4. e3 a6 5. c5 g6 6. f4 Bg7 7. Nf3 Bg4 8. Be2 0-0 9. h3 Bxf3 10. Bxf3 Nbd7 11. 0-0 Ne8 12. Bd2 f6 13. Nxd5 cxd5 14. Bxd5+ e6 15. Bxb7 Ra7 16. c6 Nb8 17. Qb3 Nc7 18. Qb6 Rxb7 19. cxb7 Nd5 20. Qxd8 Rxd8 21. Rfc1 Ne7 22. Rc7 Bf8 23. Rac1 Kf7 24. Rc8 1-0

[Event "Titled Tuesday intern op 14th Mar Late"]
[Site "Chess.com INT"]
[Date "2023.03.14"]
[Round "5"]
[White "Rios Escobar, Adan"]
[Black "Salgado Lopez, Oscar"]
[Result "1/2-1/2"]
[WhiteElo "2276"]
[BlackElo "2115"]
[PlyCount "162"]
[EventDate "2023.03.14"]
[EventType "swiss (blitz)"]
[EventRounds "11"]
[EventCountry "USA"]
[SourceTitle "EXT 2024"]
[Source "ChessBase"]
[SourceDate "2023.10.10"]
[SourceVersion "1"]
[SourceVersionDate "2023.10.10"]
[SourceQuality "1"]

1. d4 d5 2. g3 Nf6 3. Nf3 c5 4. Bg2 cxd4 5. 0-0 Nc6 6. Nxd4 h6 7. c4 e6 8. Nc3 Be7 9. cxd5 exd5 10. Be3 0-0 11. Rc1 Ne5 12. Rc2 Bg4 13. h3 Bh5 14. Nf5 Bg6 15. Nxe7+ Qxe7 16. Rd2 Nc4 17. Nxd5 Nxd5 18. Rxd5 Nxe3 19. fxe3 Qxe3+ 20. Kh2 Rfe8 21. Rd7 Qxe2 22. Rxb7 Qxd1 23. Rxd1 Re2 24. Re7 Rxe7 25. Bxa8 Re2+ 26. Kg1 Rxb2 27. Bd5 Kh7 28. h4 h5 29. Rf1 a5 30. Bxf7 Bxf7 31. Rxf7 Rxa2 32. Rf5 Kg6 33. Rg5+ Kh6 34. g4 hxg4 35. Rxg4 g6 36. Rg5 a4 37. Ra5 a3 38. Kh1 Kg7 39. Ra6 Kf7 40. Kg1 Ke7 41. Kh1 Kd7 42. Kg1 Kc7 43. Kh1 Kb7 44. Ra4 Kb6 45. Ra8 Kb5 46. Kg1 Kb4 47. Ra6 Rb2 48. Rb6+ Kc3 49. Rc6+ Kb3 50. Rb6+ Kc2 51. Rc6+ Kb1 52. Rxg6 a2 53. Ra6 a1N 54. Re6 Rc2 55. h5 Nb3 56. h6 Rc7 57. Rg6 Rh7 58. Kg2 Nd4 59. Kg3 Nf5+ 60. Kf4 Nxh6 61. Ke5 Nf7+ 62. Kf6 Nd8 63. Rg7 Rh6+ 64. Rg6 Rh1 65. Ke5 Rd1 66. Ke4 Nb7 67. Rb6+ Kc2 68. Rxb7 Kd2 69. Rc7 Ke1 70. Rc2 Rd2 71. Rc3 Re2+ 72. Kd4 Rd2+ 73. Ke3 Re2+ 74. Kd3 Rd2+ 75. Kc4 Kd1 76. Kb3 Re2 77. Rh3 Kd2 78. Kc4 Re3 79. Rh2+ Re2 80. Rh3 Re3 81. Rxe3 Kxe3 1/2-1/2

[Event "Titled Tuesday intern op 14th Mar Late"]
[Site "Chess.com INT"]
[Date "2023.03.14"]
[Round "11"]
[White "Salgado Lopez, Oscar"]
[Black "Smith, Garrett L"]
[Result "0-1"]
[WhiteElo "2115"]
[BlackElo "2047"]
[PlyCount "102"]
[EventDate "2023.03.14"]
[EventType "swiss (blitz)"]
[EventRounds "11"]
[EventCountry "USA"]
[SourceTitle "EXT 2024"]
[Source "ChessBase"]
[SourceDate "2023.10.10"]
[SourceVersion "1"]
[SourceVersionDate "2023.10.10"]
[SourceQuality "1"]

1. d4 Nf6 2. Bg5 d5 3. e3 c5 4. Bxf6 gxf6 5. dxc5 e6 6. Nf3 Bxc5 7. Be2 Nc6 8. 0-0 f5 9. c4 dxc4 10. Qa4 Qf6 11. Nc3 Bd7 12. Qxc4 Bb6 13. Rac1 0-0 14. Rfd1 Rfd8 15. Qf4 Ne7 16. Qg5+ Qxg5 17. Nxg5 Bc6 18. Bf3 Kg7 19. Bxc6 Nxc6 20. Nf3 Kf6 21. Kf1 h6 22. Ke2 a6 23. Rxd8 Rxd8 24. Rd1 Rxd1 25. Kxd1 Ne5 26. Nxe5 Kxe5 27. Ke2 f4 28. exf4+ Kxf4 29. f3 f5 30. g3+ Ke5 31. f4+ Kd4 32. h3 Ba5 33. Nd1 h5 34. Ne3 b5 35. Kf3 Bd2 36. Ng2 Bc1 37. b3 a5 38. g4 hxg4+ 39. hxg4 fxg4+ 40. Kxg4 Kc3 41. Nh4 Kb2 42. Ng6 Kxa2 43. Nf8 Kxb3 44. Nxe6 b4 45. f5 Bb2 46. Kf3 Kc4 47. Ke2 a4 48. Kd1 Kb3 49. Nc5+ Ka3 50. Kc2 Be5 51. Kb1 b3 0-1

[Event "Benidorm Bali op-A"]
[Site "Benidorm"]
[Date "2022.12.05"]
[Round "3"]
[White "Salgado Lopez, Oscar"]
[Black "Remolar Gallen, Jose"]
[Result "0-1"]
[WhiteElo "2070"]
[BlackElo "2305"]
[PlyCount "120"]
[EventDate "2022.12.03"]
[EventType "swiss"]
[EventRounds "9"]
[EventCountry "ESP"]
[SourceTitle "CBM 211 Extra"]
[Source "ChessBase"]
[SourceDate "2023.01.31"]
[SourceVersion "1"]
[SourceVersionDate "2023.01.31"]
[SourceQuality "1"]

1. e4 c5 2. c3 Nf6 3. e5 Nd5 4. Nf3 Nc6 5. Bc4 Nb6 6. Bb3 c4 7. Bc2 d5 8. exd6 Qxd6 9. h3 e5 10. b3 f5 11. Ba3 Qf6 12. Bxf8 Rxf8 13. 0-0 Be6 14. Na3 0-0-0 15. Qe2 e4 16. Ne1 Qg5 17. f4 Qe7 18. Nxc4 Nxc4 19. bxc4 Qc5+ 20. Qf2 Qxf2+ 21. Rxf2 Bxc4 22. Bb3 Na5 23. Rb1 Rd6 24. Nc2 Bd3 25. Rb2 Bxc2 26. Rxc2 h5 27. g3 Kd8 28. Kh2 Kc8 29. Kg1 Kd8 30. Kh2 Ke7 31. Rb2 Rfd8 32. g4 hxg4 33. hxg4 g6 34. Rg2 Rb6 35. Rb1 Kf6 36. Rbg1 Rbd6 37. gxf5 Rh8+ 38. Kg3 gxf5 39. d4 exd3 40. Kf2 Rh6 41. Rg8 Nxb3 42. axb3 d2 43. Rd1 Rh2+ 44. Ke3 Rh3+ 45. Ke2 Rxc3 46. Rf8+ Ke6 47. Re8+ Kf7 48. Re5 Re6 49. Kxd2 Rxe5 50. Kxc3 Re3+ 51. Kc4 Ke6 52. Rf1 Kd6 53. Kb4 Re4+ 54. Ka5 Rd4 55. Rf2 a6 56. Rf1 Kc7 57. Rc1+ Kb8 58. Rf1 Ka7 59. b4 b6+ 60. Ka4 a5 0-1

[Event "Collado Villalba op 28th"]
[Site "Collado Villalba"]
[Date "2011.08.29"]
[Round "7"]
[White "Salgado Lopez, Oscar"]
[Black "Torres Grajales, Ramon"]
[Result "1/2-1/2"]
[WhiteElo "2219"]
[BlackElo "2056"]
[PlyCount "111"]
[EventDate "2011.08.23"]
[EventType "swiss"]
[EventRounds "9"]
[EventCountry "ESP"]
[SourceTitle "CBM 144 Extra"]
[Source "ChessBase"]
[SourceDate "2011.10.28"]
[SourceVersion "1"]
[SourceVersionDate "2011.10.28"]
[SourceQuality "1"]

1. e4 e5 2. Nf3 Nc6 3. d4 exd4 4. Nxd4 Bc5 5. Be3 Qf6 6. Nb5 Bb4+ 7. c3 Ba5 8. Be2 Nge7 9. 0-0 a6 10. Nd4 Qg6 11. Nd2 d5 12. Nxc6 Qxc6 13. Nb3 Bb6 14. Bxb6 cxb6 15. exd5 Qxd5 16. Qxd5 Nxd5 17. Bf3 Nc7 18. Rfe1+ Ne6 19. Nd4 Rb8 20. Bd5 Ke7 21. Re3 Re8 22. Rae1 Kf6 23. Rf3+ Ke7 24. Nf5+ Kd7 25. Bxe6+ fxe6 26. Nxg7 Re7 27. Nh5 Kc6 28. Rf8 Kc7 29. Nf6 Bd7 30. Rxb8 Kxb8 31. Nd5 Rg7 32. Nxb6 Bc6 33. g3 Kc7 34. Nc4 Bd5 35. Ne5 Bxa2 36. f4 Bb3 37. c4 a5 38. Re3 a4 39. Rd3 Kb6 40. Rd6+ Kc5 41. Rxe6 Bxc4 42. Re8 Rc7 43. g4 b5 44. Nxc4 Kxc4 45. Re2 Kb3 46. f5 b4 47. f6 a3 48. bxa3 bxa3 49. Re3+ Kb2 50. Re7 a2 51. Rxc7 a1Q+ 52. Kf2 Qh1 53. f7 Qxh2+ 54. Kf3 Qd6 55. Ke4 Qe6+ 56. Kf4 1/2-1/2